书目信息 |
| 题名: |
家具图谱
|
|
| 作者: | 宿志刚 编绘 | |
| 分册: | ||
| 出版信息: | 石家庄 河北人民出版社 1980 |
|
| 页数: | 236页 | |
| 开本: | 25cm | |
| 丛书名: | ||
| 单 册: | ||
| 中图分类: | TS664-64 | |
| 科图分类: | ||
| 主题词: | 家具--图谱 | |
| 电子资源: | ||
| ISBN: | ||
| 000 | 00575nam0 2200229 45 | |
| 001 | 0180003535 | |
| 005 | 20060727101616.87 | |
| 010 | @dCNY1.60 | |
| 091 | @a8086.1188 | |
| 100 | @a19950515d1980 em y0chiy0121 ea | |
| 101 | 0 | @achi |
| 102 | @aCN@b130000 | |
| 105 | @aa z 000yy | |
| 200 | 10 | @a家具图谱@Ajia ju tu pu@f宿志刚编绘 |
| 210 | @a石家庄@c河北人民出版社@d1980 | |
| 215 | @a236页@d25cm | |
| 606 | @a家具@x图谱 | |
| 690 | @aTS664-64@v3 | |
| 701 | 0 | @a宿志刚@Asu zhi gang@4编绘 |
| 801 | 2 | @aCN@bNLC@c20060727 |
| 801 | 0 | @aCN@bTSSF |
| 905 | @a10447@dTS664-64@e41 | |
| 家具图谱/宿志刚编绘.-石家庄:河北人民出版社,1980 |
| 236页;25cm |
| ISBN :CNY1.60 |
| ● |
| 相关链接 |
|
|
|
|
正题名:家具图谱
索取号:TS664-64/41
 
预约/预借
| 序号 | 登录号 | 条形码 | 馆藏地/架位号 | 状态 | 备注 |
| 1 | 0438726 | 204387261 | 密集书库/ [索取号:TS664-64/41] | 在馆 |